| 000 | 00801nam a22002177i 4500 | ||
|---|---|---|---|
| 999 |
_c22986 _d22986 |
||
| 003 | AR-CdUCM | ||
| 008 | 240813b20202020 pe||||| |||| 00| 0 spa d | ||
| 020 | _a978-612-47769-1-5 | ||
| 040 |
_aMUNICIPALIDAD PROVINCIAL DEL CUSCO _cBIBLIOTECA MUNICIPAL DEL CUSCO |
||
| 082 |
_aES / 869.56 / R33P _bR33P |
||
| 100 |
_aRecoba Martínez, Eduardo M. _950187 |
||
| 245 | _aEl pequeño inca / | ||
| 260 |
_aLima : _bThe Bermudas triangle Editores, _c2020 |
||
| 300 |
_a103 páginas. : _bIlustraciones a color, _c24 cm. |
||
| 505 | _aEl inca en peligro -- Los brujos de Sirkay -- El guerrero del reino del Jardín del sur | ||
| 650 |
_aLiteratura peruana _950188 |
||
| 650 |
_aRazonamiento verbal _950189 |
||
| 700 |
_aMorocho Luis [Ilustrador] _950190 |
||
| 942 |
_2ddc _cLIBROS |
||
| 945 |
_apbj _d2024-08-13 |
||